| 000 | 00707cab a2200241 4500 | ||
|---|---|---|---|
| 001 | WB3010-44 | ||
| 008 | 090401t1994 xxu||||| |||| 00| 0 eng d | ||
| 035 | _a(Sirsi) u82653 | ||
| 041 | _aeng | ||
| 245 | 3 | _aAn in-house divorce | |
| 260 | _c1994 | ||
| 350 | _a0 | ||
| 490 |
_aIndependent _v10 March 1994, 34(1) |
||
| 520 | _aExamines the experiences of councils that have already carried out voluntary transfer of their housing stock and finds that the verdict is mixed. | ||
| 650 | _aCOUNCIL HOUSING | ||
| 650 | _aHOUSING STOCK | ||
| 650 | _aSOCIAL HOUSING | ||
| 650 | _aTRANSFER OF HOUSING STOCK | ||
| 650 | _aVOLUNTARY TRANSFER | ||
| 690 | _aHOUSING | ||
| 942 | _n0 | ||
| 948 | _c04/03/1997 | ||
| 999 |
_c52198 _d52198 |
||